OUR IMPOSSIBLE LOVE (Record no. 33896)

MARC details
000 -LEADER
fixed length control field 00250nam a22001217a 4500
003 - CONTROL NUMBER IDENTIFIER
control field SGT
082 ## - DEWEY DECIMAL CLASSIFICATION NUMBER
Classification number 823
Item number DAT
100 ## - MAIN ENTRY--PERSONAL NAME
Personal name DATHA DURJOY
245 ## - TITLE STATEMENT
Title OUR IMPOSSIBLE LOVE
260 ## - PUBLICATION, DISTRIBUTION, ETC. (IMPRINT)
Place of publication, distribution, etc INDIA
Name of publisher, distributor, etc PENGUIN PUB
Year of Publication 2016
300 ## - PAGE DESCRIPTION
No. of Pages 289
942 ## - ADDED ENTRY ELEMENTS (KOHA)
Source of classification or shelving scheme Dewey Decimal Classification
Koha item type Books
Holdings
Withdrawn status Lost status Source of classification or shelving scheme Damaged status Not for loan Collection code Home library Current library Shelving location Date acquired SGTU Total Checkouts Total Renewals Full call number Accession No. (Barcode) Checked out Date last seen Date last borrowed Bill Date Koha item type
    Dewey Decimal Classification     MASS COMMUNICATION SGT Science & Social Sciences Library SGT Science & Social Sciences Library Text Book 04/02/2026 SGTU 4 1 823 DAT MC1561 03/07/2026 04/05/2026 04/05/2026 04/02/2026 Books